000
00300nam a2200097Ia 4500
008
220204s9999 xx 000 0 und d
082
_a
339:31(035)
_b
UNC
245
0
_a
Handbook of international trade and development statistics 1993
260
_a
New York
_b
United Nations Publications
_c
1994
942
_c
BK
999
_c
40773
_d
40773